00474nam a2200157Ia 450000500170000000800410001702000180005804000130007608200210008910000210011024500630013126000550019430000180024954600120026765000370027920260402145904.0231207s9999 xx 000 0 und d a9789057020889 cPK-LaNCA aFTV 891.852bPOL aSegel, Harold B. 0aPolish romantic drama : three plays in English translation bHarwood Academic PublishersaThe Netherlandsc1997 axv, 283pbill aEnglish aPolish drama--19th century. FTV.